000
00281nam a2200109Ia 4500
008
220204s9999 xx 000 0 und d
082
_a
659.11
_b
BAK
100
_a
Baker, Stephen
245
0
_a
Advertising layout and art direction
260
_a
London
_b
McGraw Hill
_c
1959
942
_c
BK
999
_c
20636
_d
20636